Junior bank examiner, junior administrative technician, junior economist ; a complete practice examination for these and similar civil service examinations.

Bibliographic Details
Corporate Author: Pergande Publishing Company
Format: Book
Language:English
Published: Milwaukee, Wis. : Pergande publishing company, [1939]
Subjects:

MARC

Tag First Indicator Second Indicator Subfields
LEADER 00000cam a2200000 4500
001 in00000041922
005 20151007064826.0
008 800524s1939 wiu 00010 eng
010 |a  39023062  
035 |a (OCoLC)06354705 
035 |a AAE0694AM 
040 |a DLC  |c TXA  |d UtOrBLW 
049 |a TXAM  |c 1 [267532],  |c 2[264609] 
050 0 0 |a JK716  |b .P377 
092 |a 351.3  |b P439j 
110 2 |a Pergande Publishing Company. 
245 1 0 |a Junior bank examiner, junior administrative technician, junior economist ;  |b a complete practice examination for these and similar civil service examinations. 
264 1 |a Milwaukee, Wis. :  |b Pergande publishing company,  |c [1939] 
264 4 |c ©1939 
300 |a 61 pages ;  |c 15 x 23 cm. 
336 |a text  |b txt  |2 rdacontent 
337 |a unmediated  |b n  |2 rdamedia 
338 |a volume  |b nc  |2 rdacarrier 
500 |a Photoprinted. 
500 |a "Answers": pages 53-61. 
650 0 |a Civil service  |z United States  |x Examinations. 
650 0 |a Educational tests and measurements. 
740 0 |a Junior administrative technician. 
740 0 |a Junior economist. 
999 |a MARS 
999 f f |s 8dee93c5-024b-3cce-8b23-ac5eebbe13fc  |i 0a5ea345-9876-3ce8-b401-9061fd326c71  |t 0 
952 f f |p ric  |a Texas A&M University  |b Rellis Campus  |c Joint Library Facility  |d Remote Storage  |t 0  |e JK716 .P377  |h Library of Congress classification  |i unmediated -- volume  |m A14800794274 
998 f f |a JK716 .P377  |t 0  |l Remote Storage